Năng lượng nguyên tử
Sách giới thiệu cơ bản những kiến thức cơ bản và cách thức sử dụng năng lượng hạt nhân một cách dễ hiểu nhất, chú trọng giới thiệu công nghiệp hạt nhân, nhà máy điện hạt nhân, nhiên liệu hạt nhân và cách xử lý chất thải hạt nhân......
שמור ב:
| מחבר ראשי: | |
|---|---|
| מחברים אחרים: | , , |
| פורמט: | ספר |
| שפה: | Vietnamese |
| יצא לאור: |
H.
Bách khoa Hà Nội
2017
|
| סדרה: | Tủ sách : Nguồn năng lượng mới đang vẫy gọi
|
| נושאים: | |
| תגים: |
הוספת תג
אין תגיות, היה/י הראשונ/ה לתייג את הרשומה!
|
| Thư viện lưu trữ: | Thư viện Trường Đại học Nam Cần Thơ |
|---|
| LEADER | 02050nam a22002897a 4500 | ||
|---|---|---|---|
| 001 | NCT_48636 | ||
| 008 | 180907b xxu||||| |||| 00| 0 vie d | ||
| 999 | |c 2328 |d 2328 | ||
| 020 | |a 9786049501999 |c 92000 | ||
| 082 | 0 | 4 | |2 23rd ed. |a 333.7924 |b L308 |
| 100 | 1 | |a Ông Sử Liệt |e Chủ biên | |
| 245 | 1 | 0 | |a Năng lượng nguyên tử |c Ông Sử Liệt (chủ biên); Ngô Nguyên (biên soạn) |
| 260 | |a H. |b Bách khoa Hà Nội |c 2017 | ||
| 300 | |a 227 tr. |b hình vẽ, bảng |c 24cm | ||
| 490 | |a Tủ sách : Nguồn năng lượng mới đang vẫy gọi | ||
| 520 | 3 | |a Sách giới thiệu cơ bản những kiến thức cơ bản và cách thức sử dụng năng lượng hạt nhân một cách dễ hiểu nhất, chú trọng giới thiệu công nghiệp hạt nhân, nhà máy điện hạt nhân, nhiên liệu hạt nhân và cách xử lý chất thải hạt nhân.... | |
| 653 | |a Công nghệ kỹ thuật ô tô | ||
| 700 | 1 | |a Ngô Nguyên |e Biên soạn | |
| 700 | 1 | |a Tống Thị Quỳnh Hoa |e Biên dịch | |
| 700 | 1 | |a Nguyễn Thị Diệu Văn |e h.đ. | |
| 942 | |2 ddc |c BK | ||
| 952 | |0 0 |1 0 |2 ddc |4 0 |6 333_792400000000000_L308 |7 0 |9 13471 |a 000001 |b 000001 |d 2018-09-07 |o 333.7924 L308 |p MD.13215 |r 2018-09-07 |v 92000.00 |w 2018-09-07 |y BK | ||
| 952 | |0 0 |1 0 |2 ddc |4 0 |6 333_792400000000000_L308 |7 0 |9 13472 |a 000001 |b 000001 |d 2018-09-07 |o 333.7924 L308 |p MD.13216 |r 2018-09-07 |v 92000.00 |w 2018-09-07 |y BK | ||
| 952 | |0 0 |1 0 |2 ddc |4 0 |6 333_792400000000000_L308 |7 0 |9 13473 |a 000001 |b 000001 |d 2018-09-07 |o 333.7924 L308 |p MD.13217 |r 2018-09-07 |v 92000.00 |w 2018-09-07 |y BK | ||
| 952 | |0 0 |1 0 |2 ddc |4 0 |6 333_792400000000000_L308 |7 0 |9 13474 |a 000001 |b 000001 |d 2018-09-07 |o 333.7924 L308 |p MD.13218 |r 2018-09-07 |v 92000.00 |w 2018-09-07 |y BK | ||
| 952 | |0 0 |1 0 |2 ddc |4 0 |6 333_792400000000000_L308 |7 0 |9 13475 |a 000001 |b 000001 |d 2018-09-07 |o 333.7924 L308 |p MD.13219 |r 2018-09-07 |v 92000.00 |w 2018-09-07 |y BK | ||
| 980 | |a Thư viện Trường Đại học Nam Cần Thơ | ||


